00603nam a2200205 a 4500001001300000003000900013005001700022008004100039020001000080082001500090100002800105245007900133260003300212300000900245500003500254505002800289650001700317650003500334700002800369nice12345678IN_TiNIC20260116012625.0050524s1982 kara grp 000 0 eng  ac10000a275.4bDSO aD`Souza, Daniel Anthony aGrowth and the Activities of the Catholic Church in North India, 1757-1858 aKarnatakabV Prabhudasc1982 a220p aincludes index and biblioraphy2 aBibliography, Reference aChurch-India aCatholic Church Missions-India1 aD`Souza, Daniel Anthony